Top 100 Fussball-Spieler mit dem höchsten Marktwert - Statistiken

Allgemein
  • Dieses Quiz wurde 198 mal gespielt
  • Das Durchschnittsergebnis liegt bei 44 aus 100
Antwortstatistiken
Hint Antwort % Korrekt
200 Mil € Erling Haaland
98%
160 Mil € Kylian Mbappe
95%
180 Mil € Lamine Yamal
95%
55 Mil € Micky van de Ven
94%
140 Mil € Jamal Musiala
92%
140 Mil € Florian Wirtz
90%
180 Mil € Jude Bellingham
90%
90 Mil € Harry Kane
88%
200 Mil € Vinicius Jr.
86%
100 Mil € Pedri
80%
130 Mil € Phil Foden
77%
80 Mil € Gavi
76%
55 Mil € Ousmane Dembele
76%
150 Mil € Bukayo Saka
75%
110 Mil € Declan Rice
73%
130 Mil € Rodri
73%
100 Mil € Rodrygo
73%
55 Mil € Mohamed Salah
70%
100 Mil € Lautaro Martinez
69%
65 Mil € Michael Olise
69%
130 Mil € Federico Valverde
63%
80 Mil € Raphinha
63%
80 Mil € Eduardo Camavinga
62%
85 Mil € Luis Diaz
62%
130 Mil € Cole Palmer
61%
80 Mil € Aurelien Tchouameni
59%
75 Mil € Rafael Leao
59%
80 Mil € Julian Alvarez
58%
70 Mil € Kai Havertz
58%
100 Mil € Martin Odegaard
58%
80 Mil € Nicolo Barella
54%
75 Mil € Omar Marmoush
54%
100 Mil € Alexander Isak
51%
55 Mil € Nuno Mendes
51%
65 Mil € Bradley Barcola
50%
55 Mil € Vitinha
50%
80 Mil € William Saliba
50%
75 Mil € Alessandro Bastoni
49%
70 Mil € Ruben Dias
49%
60 Mil € Achraf Hakimi
48%
90 Mil € Alexis Mac Allister
48%
70 Mil € Pau Cubarsi
48%
75 Mil € Enzo Fernandez
47%
60 Mil € Jules Kounde
47%
75 Mil € Trent Alexander-Arnold
46%
55 Mil € Bruno Fernandes
45%
75 Mil € Josko Gvardiol
45%
80 Mil € Xavi Simons
45%
85 Mil € Khvicha Kvaratskhelia
44%
80 Mil € Moises Caicedo
43%
60 Mil € Dani Olmo
42%
55 Mil € Gabriel Martinelli
42%
70 Mil € Victor Osimhen
42%
50 Mil € Benjamin Sesko
41%
60 Mil € Joao Neves
41%
50 Mil € Alejandro Balde
40%
60 Mil € Ibrahima Konate
39%
60 Mil € Lois Openda
39%
75 Mil € Marcus Thuram
39%
70 Mil € Nico Williams
39%
55 Mil € Jeremy Doku
38%
80 Mil € Dominik Szoboszlai
37%
55 Mil € Ronald Araujo
37%
70 Mil € Cody Gakpo
35%
60 Mil € Dusan Vlahovic
33%
70 Mil € Ryan Gravenberch
33%
75 Mil € Viktor Gyökeres
33%
50 Mil € Aleksander Pavlovic
31%
50 Mil € Jamie Gittens
29%
55 Mil € Savinho
29%
60 Mil € Federico Dimarco
28%
50 Mil € Ederson
26%
55 Mil € Nicolas Jackson
26%
50 Mil € Goncalo Ramos
25%
60 Mil € Warren Zaire-Emery
25%
50 Mil € Fermin Lopez
24%
65 Mil € Anthony Gordon
20%
80 Mil € Bruno Guimaraes
20%
55 Mil € Cristian Romero
18%
60 Mil € Bremer
16%
60 Mil € Dejan Kulusevski
16%
55 Mil € Matheus Cunha
16%
60 Mil € Martin Zubimendi
15%
55 Mil € Ademola Lookman
14%
55 Mil € Amadou Onana
14%
55 Mil € Eberechi Eze
14%
50 Mil € Estevao
14%
50 Mil € Joao Pedro
14%
55 Mil € Kobbie Mainoo
14%
55 Mil € Leny Yoro
14%
50 Mil € Castello Lukeba
10%
75 Mil € Gabriel Magalhaes
10%
55 Mil € Levi Colwill
10%
55 Mil € Ethan Nwaneri
9%
50 Mil € Pablo Barrios
9%
50 Mil € Oihan Sancet
8%
55 Mil € Murillo
7%
50 Mil € Alex Baena
6%
50 Mil € Samu Aghehowa
3%
50 Mil € Jarrad Branthwaite
2%
Keine übereinstimmenden Quizze gefunden
Verteilung der Resultate
Anzahl Personen mit jedem Resultat
Perzentil nach korrekt beantworteten Fragen
Ihre Resultats-Entwicklung
Sie haben dieses Quiz noch nicht gespielt